[Event "Kandidatklassen"]
[Site "Ringsted"]
[Date "1995.04.16"]
[Round "6"]
[White "Johansen, Morten"]
[Black "Strange, Mikkel"]
[Result "0-1"]
[WhiteElo "2185"]
[BlackElo "2204"]
[PlyCount "108"]
[EventDate "1995.??.??"]
[EventType "swiss"]
[EventRounds "7"]
[EventCountry "DEN"]

1. d4 f5 2. Nc3 d5 3. Bg5 g6 4. e3 Bg7 5. Bd3 c6 6. Qd2 Be6 7. f3 Nd7 8. Nge2
Ngf6 9. e4 fxe4 10. fxe4 dxe4 11. Nxe4 Nxe4 12. Bxe4 Nf6 13. Bf3 Qb6 14. c3 Rd8
15. O-O O-O 16. Rfe1 Bd5 17. Nf4 Bxf3 18. gxf3 Rf7 19. Ne6 Rd5 20. Re2 Rf5 21.
Rae1 Qb5 22. Bh4 Rxf3 23. Nxg7 Rxg7 24. Rf2 Rxf2 25. Qxf2 Rf7 26. Rf1 Qc4 27.
a3 a5 28. Qf4 Nd7 29. Qxf7+ Qxf7 30. Rxf7 Kxf7 31. Kf2 e5 32. Ke3 Ke6 33. dxe5
Kxe5 34. Kd3 b5 35. b3 Nc5+ 36. Kc2 Ne6 37. a4 bxa4 38. bxa4 Kd5 39. Bf6 Kc4
40. Be5 g5 41. Bb8 Nc5 42. Bc7 Nb3 43. Bd8 g4 44. Bb6 h6 45. Bc7 h5 46. Bd8 Nc5
47. Bxa5 h4 48. Bc7 Nxa4 49. Kd2 Nxc3 50. Bb8 Nd5 51. Be5 c5 52. Ke2 Kb3 53.
Kd3 c4+ 54. Ke4 c3 0-1

[Event "Kandidatklassen"]
[Site "Ringsted"]
[Date "1995.04.16"]
[Round "6"]
[White "Jorgensen, Michael"]
[Black "Nielsen, Carsten"]
[Result "1-0"]
[WhiteElo "2243"]
[BlackElo "2181"]
[PlyCount "49"]
[EventDate "1995.??.??"]
[EventType "swiss"]
[EventRounds "7"]
[EventCountry "DEN"]

1. d4 d5 2. c4 e6 3. Nc3 Nf6 4. Bg5 Be7 5. Nf3 O-O 6. e3 Nbd7 7. Bd3 dxc4 8.
Bxc4 c5 9. O-O a6 10. a4 b6 11. Qe2 Bb7 12. Rad1 cxd4 13. exd4 Re8 14. Ne5 Nd5
15. Bc1 N7f6 16. f4 Nxc3 17. bxc3 Bd5 18. Bd3 Bb3 19. Rde1 Bxa4 20. Nxf7 Qc8
21. Ng5 Bd7 22. Bc4 Nd5 23. Nxe6 Bxe6 24. Qxe6+ Qxe6 25. Rxe6 1-0

[Event "Kandidatklassen"]
[Site "Ringsted"]
[Date "1995.04.16"]
[Round "6"]
[White "Matthiesen, Arne"]
[Black "Andersen, Frank"]
[Result "1/2-1/2"]
[WhiteElo "2147"]
[BlackElo "2193"]
[PlyCount "95"]
[EventDate "1995.??.??"]
[EventType "swiss"]
[EventRounds "7"]
[EventCountry "DEN"]

1. d4 g6 2. c4 Bg7 3. Nc3 Nf6 4. Bg5 d6 5. e3 Nbd7 6. Nf3 c5 7. Bh4 O-O 8. Be2
cxd4 9. Nxd4 Ne5 10. O-O Kh8 11. Qd2 Be6 12. Nxe6 fxe6 13. Bg3 Nf7 14. Rfd1 Rc8
15. Rac1 Qd7 16. b4 b6 17. Qc2 Rc7 18. Qb3 Rfc8 19. Nb5 Rb7 20. Bf3 Rbb8 21. h4
g5 22. hxg5 Nxg5 23. Be2 Rg8 24. c5 bxc5 25. bxc5 a6 26. c6 Qc8 27. c7 Rxb5 28.
Bxb5 axb5 29. Qxb5 Nge4 30. Qc6 Nd5 31. a4 Ndc3 32. Re1 Bf6 33. Rb1 Nd5 34. Rb7
Nc5 35. Ra7 Nc3 36. e4 Bd4 37. a5 Nd3 38. Rb7 Nxe1 39. Rb8 Qxb8 40. cxb8=Q Rxb8
41. Bxd6 Rg8 42. Bc5 Rxg2+ 43. Kh1 Bxc5 44. Qxc5 Ne2 45. Qe5+ Kg8 46. Qxe6+ Kf8
47. Qh6+ Kg8 48. Qe6+ 1/2-1/2

[Event "Kandidatklassen"]
[Site "Ringsted"]
[Date "1995.04.16"]
[Round "6"]
[White "Nielsen, Max"]
[Black "Hansen, Kasper"]
[Result "1-0"]
[WhiteElo "2143"]
[BlackElo "2151"]
[PlyCount "89"]
[EventDate "1995.??.??"]
[EventType "swiss"]
[EventRounds "7"]
[EventCountry "DEN"]

1. e4 g6 2. d4 c6 3. c4 Bg7 4. Nc3 d6 5. Be3 Nf6 6. f3 O-O 7. Qd2 a6 8. h4 Nbd7
9. Nge2 b5 10. h5 Nb6 11. Ng3 Qc7 12. cxb5 cxb5 13. hxg6 fxg6 14. b3 Bd7 15.
Bd3 Rac8 16. Nge2 e5 17. d5 Qd8 18. Rc1 Nh5 19. Nd1 Rxc1 20. Qxc1 Nc8 21. Qd2
Qf6 22. Qa5 Nf4 23. Bxf4 exf4 24. Qxa6 Qa1 25. O-O Qe5 26. Bxb5 Bxb5 27. Qxb5
g5 28. Qd7 h5 29. Ndc3 Bf6 30. Qe6+ Qxe6 31. dxe6 Re8 32. Nd5 Rxe6 33. a4 Bd8
34. Rc1 Nb6 35. Nd4 Re8 36. Nc6 Nxd5 37. exd5 Bb6+ 38. Kf1 g4 39. fxg4 hxg4 40.
Re1 Rf8 41. a5 Be3 42. b4 Rf7 43. b5 Kf8 44. b6 Rh7 45. Rxe3 1-0

[Event "Kandidatklassen"]
[Site "Ringsted"]
[Date "1995.04.16"]
[Round "6"]
[White "Nielsen, Uffe V"]
[Black "Andreasen, Per Naesby"]
[Result "1/2-1/2"]
[WhiteElo "2323"]
[BlackElo "2319"]
[PlyCount "53"]
[EventDate "1995.??.??"]
[EventType "swiss"]
[EventRounds "7"]
[EventCountry "DEN"]

1. d4 g6 2. c4 Bg7 3. Nf3 d6 4. g3 e5 5. Bg2 Nc6 6. d5 Nce7 7. Nc3 f5 8. Ng5
Nf6 9. Qa4+ Bd7 10. Qb3 b6 11. O-O O-O 12. Rd1 h6 13. Ne6 Bxe6 14. dxe6 c6 15.
e4 fxe4 16. Nxe4 Nxe4 17. Bxe4 Rf6 18. Be3 Rxe6 19. Bxc6 Nxc6 20. c5 d5 21.
Rxd5 Qe8 22. Rd6 Kf7 23. Rad1 Rd8 24. Rxd8 Nxd8 25. cxb6 axb6 26. Bxb6 Nc6 27.
a4 1/2-1/2

[Event "Kandidatklassen"]
[Site "Ringsted"]
[Date "1995.04.16"]
[Round "6"]
[White "Petersen, Steen"]
[Black "Molvig, Henrik"]
[Result "0-1"]
[WhiteElo "2016"]
[BlackElo "2244"]
[PlyCount "96"]
[EventDate "1995.??.??"]
[EventType "swiss"]
[EventRounds "7"]
[EventCountry "DEN"]

1. d4 Nf6 2. c4 g6 3. Nf3 Bg7 4. g3 O-O 5. Bg2 d6 6. O-O Nbd7 7. Nc3 e5 8. e4
c6 9. h3 Qb6 10. Re1 exd4 11. Nxd4 Ne8 12. Nde2 Qb4 13. Qb3 a5 14. f4 Nc5 15.
Qxb4 axb4 16. Nd1 Nb3 17. Rb1 Rxa2 18. Be3 Be6 19. Nc1 Ra1 20. Rxa1 Nxa1 21. b3
Nc2 22. Re2 Nxe3 23. Nxe3 Nc7 24. Rd2 Rd8 25. Kf2 f6 26. Na2 c5 27. Nc1 b5 28.
Bf1 bxc4 29. Bxc4 Bxc4 30. Nxc4 Nb5 31. Ne2 Kf7 32. Ra2 Na3 33. Ne3 Bf8 34. Rd2
Ra8 35. h4 Nb5 36. Nc4 Ra1 37. e5 Ke6 38. f5+ gxf5 39. Nf4+ Kd7 40. exf6 Nd4
41. Rd3 Rb1 42. Nd2 Rb2 43. Kf1 Bh6 44. Re3 Rxd2 45. Re7+ Kd8 46. Nh5 Bf8 47.
Rxh7 c4 48. bxc4 b3 0-1

[Event "Kandidatklassen"]
[Site "Ringsted"]
[Date "1995.04.16"]
[Round "6"]
[White "Rewitz, Poul"]
[Black "Brinck Claussen, Bjorn"]
[Result "0-1"]
[WhiteElo "2358"]
[BlackElo "2362"]
[PlyCount "68"]
[EventDate "1995.??.??"]
[EventType "swiss"]
[EventRounds "7"]
[EventCountry "DEN"]

1. d4 Nf6 2. Nc3 d5 3. Bg5 c5 4. e4 Nxe4 5. Nxe4 dxe4 6. dxc5 Qa5+ 7. Qd2 Qxc5
8. O-O-O Nc6 9. Ne2 Bg4 10. Be3 Qe5 11. Bf4 Qe6 12. Kb1 Rd8 13. Qe1 Rxd1+ 14.
Qxd1 g6 15. h3 Bxe2 16. Qxe2 Qf5 17. Qb5 Qxb5 18. Bxb5 Bg7 19. Rd1 f5 20. c3
Bf6 21. Rd5 h5 22. Be3 a6 23. Bxc6+ bxc6 24. Ra5 Kd7 25. Rxa6 g5 26. Bc5 h4 27.
c4 g4 28. Ra7+ Ke6 29. a4 f4 30. Bb6 Rb8 31. a5 f3 32. gxf3 gxh3 33. Bc7 Rxb2+
34. Kc1 Rxf2 0-1

[Event "Kandidatklassen"]
[Site "Ringsted"]
[Date "1995.04.17"]
[Round "7"]
[White "Aagaard, Jacob"]
[Black "Hvenekilde, Jorgen"]
[Result "1/2-1/2"]
[WhiteElo "2257"]
[BlackElo "2329"]
[PlyCount "27"]
[EventDate "1995.??.??"]
[EventType "swiss"]
[EventRounds "7"]
[EventCountry "DEN"]

1. e4 e6 2. d3 d5 3. Nd2 Nf6 4. Ngf3 b6 5. Be2 Be7 6. O-O O-O 7. c3 dxe4 8.
dxe4 Ba6 9. Bxa6 Nxa6 10. e5 Nd7 11. b4 Qc8 12. Rb1 Rd8 13. Qe2 Nf8 14. Ne4
1/2-1/2

[Event "Kandidatklassen"]
[Site "Ringsted"]
[Date "1995.04.17"]
[Round "7"]
[White "Andersen, Frank"]
[Black "Christensen, Tobias"]
[Result "1/2-1/2"]
[WhiteElo "2193"]
[BlackElo "2363"]
[PlyCount "136"]
[EventDate "1995.??.??"]
[EventType "swiss"]
[EventRounds "7"]
[EventCountry "DEN"]

1. e4 e5 2. Nf3 Nf6 3. d4 Nxe4 4. Bd3 d5 5. Nxe5 Nd7 6. Nxd7 Bxd7 7. O-O Qh4 8.
c4 Bd6 9. g3 Qh3 10. Nc3 Nxc3 11. bxc3 O-O 12. c5 Be7 13. Bf4 b6 14. Re1 Rfe8
15. Re5 Bf8 16. Bf1 Qg4 17. Be2 Qg6 18. Bd3 Qc6 19. Qc2 g6 20. c4 Rxe5 21. Bxe5
Be6 22. cxd5 Bxd5 23. Rc1 Qe6 24. f4 f6 25. f5 Qe7 26. Bf4 g5 27. Bd2 Qf7 28.
a4 c6 29. cxb6 axb6 30. Rb1 Qa7 31. Qb2 Qxa4 32. Qxb6 Rb8 33. Qxb8 Qxd4+ 34.
Kf1 Qxd3+ 35. Ke1 Bf3 36. Qb3+ Qxb3 37. Rxb3 Bg4 38. Rc3 c5 39. Kf2 Kg7 40. Be3
Bxf5 41. Bxc5 Bxc5+ 42. Rxc5 Kg6 43. Kf3 Be6 44. Ke4 Bb3 45. h4 gxh4 46. gxh4
Bd1 47. Kf4 h5 48. Ke4 Bg4 49. Rc3 Be6 50. Rg3+ Kf7 51. Rg1 Ke7 52. Rg7+ Kd6
53. Kd4 Bg4 54. Ra7 Ke6 55. Ra5 Bf3 56. Ke3 Bg4 57. Ke4 Be2 58. Ra2 Bg4 59. Rb2
Bf5+ 60. Kf4 Bg4 61. Rb1 Ke7 62. Ke4 Ke6 63. Rb6+ Ke7 64. Rb3 Kd6 65. Re3 Ke6
66. Re1 Bh3 67. Re2 Bg4 68. Rf2 Bh3 1/2-1/2

[Event "Kandidatklassen"]
[Site "Ringsted"]
[Date "1995.04.17"]
[Round "7"]
[White "Andersen, Torben Bodskov"]
[Black "Christensen, Bent"]
[Result "0-1"]
[WhiteElo "2130"]
[BlackElo "2193"]
[PlyCount "88"]
[EventDate "1995.??.??"]
[EventType "swiss"]
[EventRounds "7"]
[EventCountry "DEN"]

1. e4 e5 2. Nf3 Nc6 3. Bb5 a6 4. Ba4 Nf6 5. O-O Be7 6. Re1 b5 7. Bb3 d6 8. c3
O-O 9. h3 Nb8 10. d4 Nbd7 11. Nbd2 Bb7 12. Bc2 Re8 13. Nf1 Bf8 14. Ng3 g6 15.
a4 c5 16. d5 c4 17. Bg5 h6 18. Be3 Nc5 19. Qd2 h5 20. Bh6 Nh7 21. Bxf8 Rxf8 22.
Qh6 Qf6 23. h4 Qg7 24. Qe3 Rfb8 25. axb5 axb5 26. Ng5 Qf6 27. Ne2 Bc8 28. f3
Bd7 29. g3 Rxa1 30. Rxa1 b4 31. cxb4 Rxb4 32. Ra8+ Kg7 33. Nxh7 Kxh7 34. Qa3
Rb7 35. Kg2 Nd3 36. Bxd3 cxd3 37. Nc3 Bg4 38. fxg4 hxg4 39. Kg1 Qf3 40. Rh8+
Kxh8 41. Qa8+ Kg7 42. Qxb7 Qxg3+ 43. Kf1 Qf3+ 44. Ke1 Qe3+ 0-1

[Event "Kandidatklassen"]
[Site "Ringsted"]
[Date "1995.04.17"]
[Round "7"]
[White "Bank, Pelle Rodkjaer"]
[Black "Nielsen, Carsten"]
[Result "1/2-1/2"]
[WhiteElo "2315"]
[BlackElo "2181"]
[PlyCount "63"]
[EventDate "1995.??.??"]
[EventType "swiss"]
[EventRounds "7"]
[EventCountry "DEN"]

1. e4 c6 2. d4 d5 3. e5 Bf5 4. c4 e6 5. Nc3 dxc4 6. Bxc4 Ne7 7. Nge2 Nd5 8. O-O
Nb6 9. Bb3 Be7 10. Ng3 Bg6 11. f4 O-O 12. f5 exf5 13. Nxf5 Na6 14. Ne4 Nd5 15.
Qg4 Nac7 16. Ned6 Bxd6 17. Nxd6 Ne6 18. Bxd5 cxd5 19. Be3 Qb6 20. Qf3 Qxb2 21.
Qxd5 Rab8 22. Rac1 Rfd8 23. g4 Qe2 24. Rf3 h6 25. h4 Rxd6 26. exd6 Nf4 27. Bxf4
Be4 28. Qb3 Bxf3 29. Qc2 Qe6 30. Qf5 Qe2 31. Qc2 Qe6 32. Qf5 1/2-1/2

[Event "Kandidatklassen"]
[Site "Ringsted"]
[Date "1995.04.17"]
[Round "7"]
[White "Boe, Mads"]
[Black "Rewitz, Poul"]
[Result "1-0"]
[WhiteElo "2358"]
[BlackElo "2358"]
[PlyCount "65"]
[EventDate "1995.??.??"]
[EventType "swiss"]
[EventRounds "7"]
[EventCountry "DEN"]

1. d4 d5 2. f4 c6 3. e3 g6 4. Nf3 Bg7 5. Bd3 Nh6 6. O-O Bf5 7. Be2 O-O 8. c3
Nd7 9. h3 Bxb1 10. Rxb1 Nf5 11. Bd3 Ng3 12. Re1 Nf6 13. Nd2 h5 14. Qf3 h4 15.
Nf1 Nfe4 16. Nxg3 Nxg3 17. Bd2 e6 18. c4 Bf6 19. c5 b5 20. a4 bxa4 21. Ra1 Rb8
22. Bc3 Rb7 23. Rxa4 Qb8 24. b4 Qc7 25. Rea1 Ra8 26. Ra6 Kh8 27. Be1 Nf5 28.
Bd2 Rg8 29. b5 cxb5 30. Bxf5 gxf5 31. c6 Rbb8 32. Rxa7 Qxc6 33. Qh5+ 1-0

[Event "Kandidatklassen"]
[Site "Ringsted"]
[Date "1995.04.17"]
[Round "7"]
[White "Christensen, Lasse"]
[Black "Pedersen, Daniel Vesterbaek"]
[Result "1-0"]
[WhiteElo "2251"]
[BlackElo "2130"]
[PlyCount "51"]
[EventDate "1995.??.??"]
[EventType "swiss"]
[EventRounds "7"]
[EventCountry "DEN"]

1. d4 d5 2. c4 dxc4 3. Nf3 c6 4. e3 b5 5. a4 e6 6. b3 b4 7. bxc4 c5 8. Bb2 Nf6
9. Bd3 Bb7 10. O-O Be7 11. Nbd2 O-O 12. Qc2 h6 13. Ne5 Nc6 14. Ndf3 Qc7 15.
Rad1 Rad8 16. Qe2 Nxe5 17. Nxe5 Nd7 18. f4 Nxe5 19. fxe5 Bc6 20. Bc2 Qb7 21.
Qd3 g6 22. Rf4 h5 23. h4 Rd7 24. d5 exd5 25. e6 Rd6 26. Rxf7 1-0

[Event "Kandidatklassen"]
[Site "Ringsted"]
[Date "1995.04.17"]
[Round "7"]
[White "Greger, Roland Reinhard"]
[Black "Hartvig, Ove Weiss"]
[Result "1/2-1/2"]
[WhiteElo "2290"]
[BlackElo "2205"]
[PlyCount "81"]
[EventDate "1995.??.??"]
[EventType "swiss"]
[EventRounds "7"]
[EventCountry "DEN"]

1. e4 c6 2. d4 d5 3. e5 Na6 4. Be3 g6 5. Nc3 Nc7 6. Qd2 h5 7. Nf3 Nh6 8. O-O-O
Bg4 9. Be2 Nf5 10. Ng5 Bxe2 11. Nxe2 Nxe3 12. Qxe3 Bh6 13. h4 Ne6 14. f4 Qd7
15. Nxe6 Qxe6 16. g3 f5 17. Qb3 b6 18. Kb1 Qd7 19. c4 e6 20. Rhf1 Kf7 21. Rf3
Rhc8 22. Rc3 b5 23. cxd5 cxd5 24. Rxc8 Rxc8 25. Nc3 a6 26. a4 Rb8 27. axb5 axb5
28. Na4 Bf8 29. Rc1 Qa7 30. Nc5 b4 31. Qa2 Ra8 32. Qxa7+ Rxa7 33. Kc2 Bxc5 34.
dxc5 Ke7 35. Kb3 Kd7 36. Kxb4 Kc6 37. Rc2 Rb7+ 38. Ka4 Ra7+ 39. Kb3 Rb7+ 40.
Ka2 Ra7+ 41. Kb3 1/2-1/2

[Event "Kandidatklassen"]
[Site "Ringsted"]
[Date "1995.04.17"]
[Round "7"]
[White "Jakobsen, Lars Veno"]
[Black "Jacobsen, Bo"]
[Result "1-0"]
[WhiteElo "2232"]
[BlackElo "2302"]
[PlyCount "71"]
[EventDate "1995.??.??"]
[EventType "swiss"]
[EventRounds "7"]
[EventCountry "DEN"]

1. d4 Nf6 2. c4 c5 3. d5 e5 4. Nc3 d6 5. e4 Be7 6. h3 Nbd7 7. Be3 Nf8 8. Bd3
Ng6 9. Nge2 Bd7 10. Bc2 a6 11. a3 b5 12. cxb5 axb5 13. b4 cxb4 14. axb4 O-O 15.
O-O Rb8 16. Bd3 Nh5 17. Qd2 Bf6 18. Ra5 Qc8 19. Kh2 Bd8 20. Ra3 Bb6 21. Rc1 Qd8
22. g3 Qf6 23. Ng1 Bxe3 24. Qxe3 Nhf4 25. gxf4 exf4 26. Qd2 f3 27. Bf1 Ne5 28.
Nd1 Rbc8 29. Rxc8 Rxc8 30. Qe3 Qh4 31. Qd4 Qh5 32. Ne3 g5 33. Rc3 Ra8 34. Nf5
Bxf5 35. exf5 Ra2 36. f6 1-0

[Event "Kandidatklassen"]
[Site "Ringsted"]
[Date "1995.04.17"]
[Round "7"]
[White "Johansen, Morten"]
[Black "Jorgensen, Michael"]
[Result "1-0"]
[WhiteElo "2185"]
[BlackElo "2243"]
[PlyCount "78"]
[EventDate "1995.??.??"]
[EventType "swiss"]
[EventRounds "7"]
[EventCountry "DEN"]

1. d4 f5 2. Nc3 d5 3. Bg5 c6 4. e3 g6 5. Qd2 Bg7 6. Bd3 Be6 7. f3 Nf6 8. Nge2
Nbd7 9. e4 fxe4 10. fxe4 dxe4 11. Nxe4 Nxe4 12. Bxe4 Nf6 13. Bf3 Qb6 14. c3 Bd5
15. Bxd5 cxd5 16. Bxf6 Qxf6 17. Qf4 Qa6 18. O-O O-O-O 19. Qg4+ Kb8 20. Nf4 Rd6
21. Rfe1 Bf6 22. Qg3 Ka8 23. Nd3 h5 24. Ne5 Rg8 25. Qe3 g5 26. Qe2 Qb6 27. Kh1
g4 28. Qc2 Rg7 29. Re2 Rd8 30. Ng6 Bg5 31. Ne5 a6 32. Rf1 Bf6 33. Nd3 Rd6 34.
Nf4 h4 35. Rfe1 g3 36. h3 Rf7 37. Ne6 Bg7 38. Qg6 Rf2 39. Qxg7 Ka7 1-0

[Event "Kandidatklassen"]
[Site "Ringsted"]
[Date "1995.04.17"]
[Round "7"]
[White "Matthiesen, Arne"]
[Black "Hansen, Lars"]
[Result "1-0"]
[WhiteElo "2147"]
[BlackElo "2217"]
[PlyCount "123"]
[EventDate "1995.??.??"]
[EventType "swiss"]
[EventRounds "7"]
[EventCountry "DEN"]

1. Nf3 g6 2. d4 Bg7 3. c4 d6 4. Nc3 Bg4 5. e3 e5 6. Be2 Nd7 7. O-O Ne7 8. b3
O-O 9. Ba3 Re8 10. dxe5 Nxe5 11. Rc1 Nf5 12. Nxe5 Bxe2 13. Qxe2 Bxe5 14. Qf3 c6
15. g3 h5 16. Rfd1 h4 17. g4 Ng7 18. Ne4 Re6 19. Bxd6 Bxd6 20. c5 Bxh2+ 21.
Kxh2 Qe7 22. Rd4 f5 23. Nd6 Rf8 24. g5 Qxg5 25. Nxb7 Qe7 26. Nd6 g5 27. Qxc6 g4
28. Qd5 Kh8 29. Rf4 g3+ 30. fxg3 hxg3+ 31. Kg2 Rh6 32. Rh1 Rxh1 33. Kxh1 Qg5
34. Kg2 Qh6 35. Kxg3 Nh5+ 36. Kf3 Nxf4 37. Qe5+ Kg8 38. exf4 Qh3+ 39. Ke2 Qg2+
40. Kd3 Qf3+ 41. Kc2 Qg2+ 42. Kb1 Qh1+ 43. Kb2 Qh2+ 44. Ka3 Qh7 45. b4 a6 46.
c6 Qc7 47. Qe6+ Kh7 48. Nxf5 Qf7 49. Qxf7+ Rxf7 50. Nd4 Rxf4 51. Ne6 Rc4 52. c7
Rc6 53. Ka4 Kg6 54. b5 Rc4+ 55. Ka5 Kf6 56. Kxa6 Kxe6 57. Kb7 Kd7 58. b6 Rc6
59. a4 Rc4 60. a5 Rc3 61. a6 Rc6 62. a7 1-0

[Event "Kandidatklassen"]
[Site "Ringsted"]
[Date "1995.04.17"]
[Round "7"]
[White "Pedersen, Jan"]
[Black "Hoiberg, Nina"]
[Result "1/2-1/2"]
[WhiteElo "2310"]
[BlackElo "2256"]
[PlyCount "41"]
[EventDate "1995.??.??"]
[EventType "swiss"]
[EventRounds "7"]
[EventCountry "DEN"]

1. d4 d6 2. c4 e5 3. Nf3 e4 4. Ng5 f5 5. g3 Be7 6. h4 Nf6 7. Nh3 c6 8. Bg5 Na6
9. Nc3 Nc7 10. e3 O-O 11. Be2 Qe8 12. Nf4 Ne6 13. Qc2 Nxf4 14. gxf4 h6 15. Bxf6
Bxf6 16. O-O-O Bd7 17. Kb1 Kh8 18. Rc1 Qd8 19. Bh5 a6 20. Bg6 b5 21. Ne2
1/2-1/2

[Event "Kandidatklassen"]
[Site "Ringsted"]
[Date "1995.04.17"]
[Round "7"]
[White "Petersen, Steen"]
[Black "Nielsen, Max"]
[Result "0-1"]
[WhiteElo "2016"]
[BlackElo "2143"]
[PlyCount "72"]
[EventDate "1995.??.??"]
[EventType "swiss"]
[EventRounds "7"]
[EventCountry "DEN"]

1. d4 Nf6 2. c4 g6 3. Nf3 Bg7 4. g3 O-O 5. Bg2 d6 6. O-O Nc6 7. Nc3 a6 8. Qc2
Rb8 9. Bd2 Bg4 10. e3 e5 11. d5 Ne7 12. e4 Ne8 13. Ne1 Qd7 14. b4 Bh3 15. Nd3
Bxg2 16. Kxg2 f5 17. f3 Nf6 18. c5 fxe4 19. fxe4 Kh8 20. h3 Neg8 21. cxd6 cxd6
22. Nf2 Bh6 23. b5 Bxd2 24. Qxd2 axb5 25. Qb2 Nh5 26. Qxb5 Qe7 27. Qe2 Qg5 28.
Ng4 Ngf6 29. Qe3 Qxe3 30. Nxe3 Rbc8 31. Rfc1 Nxg3 32. Nb5 Ngxe4 33. Rc7 Rxc7
34. Nxc7 Nh5 35. Rb1 Rf2+ 36. Kg1 Nf4 0-1

[Event "Kandidatklassen"]
[Site "Ringsted"]
[Date "1995.04.17"]
[Round "7"]
[White "Samaritani, Fabio"]
[Black "Molvig, Henrik"]
[Result "0-1"]
[WhiteElo "2192"]
[BlackElo "2244"]
[PlyCount "86"]
[EventDate "1995.??.??"]
[EventType "swiss"]
[EventRounds "7"]
[EventCountry "DEN"]

1. e4 c5 2. Nc3 e6 3. Nf3 d6 4. d4 cxd4 5. Nxd4 a6 6. Bd3 Nf6 7. O-O Be7 8. f4
Qc7 9. Kh1 O-O 10. Qe1 Nbd7 11. Qg3 Kh8 12. Nb3 b5 13. a3 e5 14. fxe5 Nxe5 15.
Bg5 Qd8 16. Qe1 Be6 17. Nd4 Ng8 18. Bf4 Bf6 19. Be2 Ng6 20. Be3 Rc8 21. Rd1 Be5
22. Nf5 N8e7 23. Bd4 Qc7 24. Bg4 Rcd8 25. Qe2 Bc4 26. Qe3 Bxf1 27. Rxf1 Bxd4
28. Qxd4 Ne5 29. Be2 f6 30. Ne3 Qc5 31. Qd2 Rc8 32. Rf4 N7g6 33. Rf5 Rfe8 34.
Bh5 Nc4 35. Nxc4 Qxc4 36. Qf2 Re5 37. Bxg6 hxg6 38. Rf4 a5 39. h3 f5 40. Rf3
Kg8 41. Qg3 b4 42. axb4 axb4 43. b3 Qe6 0-1

[Event "Kandidatklassen"]
[Site "Ringsted"]
[Date "1995.04.17"]
[Round "7"]
[White "Strange, Mikkel"]
[Black "Andreasen, Per Naesby"]
[Result "0-1"]
[WhiteElo "2204"]
[BlackElo "2319"]
[PlyCount "104"]
[EventDate "1995.??.??"]
[EventType "swiss"]
[EventRounds "7"]
[EventCountry "DEN"]

1. e4 g6 2. d4 Bg7 3. Nc3 d6 4. Nf3 Nf6 5. Be2 O-O 6. O-O Nc6 7. Be3 Bg4 8. Qd2
e5 9. dxe5 dxe5 10. Rad1 Qc8 11. Qc1 Rd8 12. Rxd8+ Qxd8 13. Rd1 Qf8 14. h3 Bxf3
15. Bxf3 Rd8 16. Rxd8 Qxd8 17. Nb1 Nd4 18. Qd2 Nxf3+ 19. gxf3 Qxd2 20. Nxd2 b6
21. a4 Nd7 22. Kf1 Bf8 23. Nb3 f6 24. Ke2 Kf7 25. Kd3 Ke6 26. Kc4 a6 27. Nc1 c6
28. Nd3 f5 29. exf5+ gxf5 30. Bg5 b5+ 31. Kb3 Nc5+ 32. Nxc5+ Bxc5 33. Bh4 Kd5
34. axb5 axb5 35. c3 e4 36. Kc2 Bf8 37. b3 c5 38. Kd2 Bh6+ 39. Ke2 Bg7 40. Kd2
exf3 41. Kd3 c4+ 42. bxc4+ bxc4+ 43. Kd2 Ke4 44. Bg5 Be5 45. Kc2 Bf4 46. Bd8
Be3 47. Bh4 h6 48. Bg3 Bf4 49. Bh4 Bg5 50. Bg3 f4 51. Bh2 Bh4 52. Bg1 Kf5 0-1